Catalog

Record Details

Catalog Search



Studien zur jüdischen Selbstverwaltung im Altertum /  Hans Zucker Cover Image Book Book

Studien zur jüdischen Selbstverwaltung im Altertum / Hans Zucker

Record details

  • Physical Description: 199 s.
  • Publisher: Berlin, Schocken Verlag, 1936.

Available copies

  • 1 of 1 copy available at Common Catalog SPOK.

Holds

  • 0 current holds with 1 total copy.
Show Only Available Copies
Location Call Number / Copy Notes Barcode Shelving Location Status Due Date
ETS Library 296 424470015786 Volný výběr Available -

LDR 00746nam a22002537a 4500
00144551
003CZ-PrJAB
00520171215125121.0
008910110s1936 gw e 000 0 ger
010 . ‡altf90039442
035 . ‡a(CONS)13077
035 . ‡9(DLC)ltf90039442
040 . ‡aDLC ‡cDLC ‡dDLC
05000. ‡a4DS 868
082 . ‡a296
1001 . ‡aZucker, Hans. [from old catalog]
24500. ‡aStudien zur jüdischen Selbstverwaltung im Altertum / ‡bHans Zucker
260 . ‡aBerlin, ‡bSchocken Verlag, ‡c1936.
300 . ‡a199 s.
8524 . ‡bETS ‡bETS ‡cVolný výběr ‡j296 ‡p424470015786 ‡y$50.00
906 . ‡a0 ‡bcbc ‡cpremunv ‡du ‡encip ‡f19 ‡gy-gencatlg
910 . ‡aABG450
985 . ‡fcj14 ‡genh
991 . ‡bc-GenColl ‡h4DS 868 ‡tCopy 1 ‡wPREM
999 . ‡a13077 ‡c13077 ‡tbiblio
905 . ‡uadmin
901 . ‡a44551 ‡b ‡c44551 ‡tbiblio ‡sets

Additional Resources